| 000 | 01174cam a22002893a 4500 | ||
|---|---|---|---|
| 001 | 6139 | ||
| 003 | PGUSA | ||
| 005 | 20140828083128.0 | ||
| 008 | 040701s2004||||xxu|||||s|||||000 | eng d | ||
| 040 |
_aPGUSA _beng |
||
| 042 | _adc | ||
| 050 | 4 | _aT | |
| 100 | 1 | _aSevering, Paul | |
| 245 | 1 | 0 |
_aMarvels of Modern Science _h[electronic resource] / _cPaul Severing |
| 260 |
_bProject Gutenberg, _c2004 |
||
| 505 | 0 | _aFlying machines -- Wireless telegraphy -- Radium -- Moving pictures -- Sky-scrapers and how they are built -- Ocean palaces -- Wonderful creations in plant life -- Latest discoveries in archaeology -- Great tunnels of the world -- Electricity in the household -- Harnessing the water-fall -- Wonderful war ships -- A talk on big guns -- Mystery of the stars -- Can we communicate with other worlds? | |
| 506 | _aPublic domain in the USA. | ||
| 516 | _aElectronic text | ||
| 653 | _aInventions | ||
| 653 | _aScience | ||
| 653 | _aTechnology and civilization | ||
| 653 | _aTechnology -- Social aspects | ||
| 700 | 1 |
_aWaters, Theodore, _d1870- |
|
| 830 | 0 |
_aProject Gutenberg _v6139 |
|
| 856 | 4 | 0 | _uhttp://www.gutenberg.org/ebooks/6139 |
| 942 | _cEB | ||
| 999 |
_c235467 _d235467 |
||